Computers and information systems in business : an introduction
Αποθηκεύτηκε σε:
| Κύριος συγγραφέας: | |
|---|---|
| Άλλοι συγγραφείς: | |
| Μορφή: | Βιβλίο |
| Γλώσσα: | English |
| Δημοσίευση: |
New York :
McGraw-Hill,
c1988
|
| Θέματα: | |
| Ετικέτες: |
Προσθήκη ετικέτας
Δεν υπάρχουν, Καταχωρήστε ετικέτα πρώτοι!
|
MARC
| LEADER | 00000cam a2200000 i 4500 | ||
|---|---|---|---|
| 001 | 1/32104 | ||
| 008 | 950804s1988 eng d | ||
| 020 | |a 0070510075 ((pbk.)) | ||
| 035 | |l 10023699 | ||
| 040 | |a GR-MY-UA |b gre |e aacr | ||
| 041 | 0 | |a eng | |
| 082 | 0 | |a 650.0285 | |
| 100 | 1 | |a Gremillion, Lee Louis. | |
| 245 | 1 | 0 | |a Computers and information systems in business : |b an introduction / |c Lee L. Gremillion, Phillip J. Pyburn |
| 260 | |a New York : |b McGraw-Hill, |c c1988 | ||
| 300 | |a xxi, 359 p., [16] p. of plates; |b ill. (some col.); |c 26 cm | ||
| 504 | |a Includes bibliographies and index | ||
| 650 | 0 | 0 | |a Business |x Data processing. |
| 650 | 0 | 0 | |a Information storage and retrieval systems |x Business. |
| 700 | 1 | |a Pyburn, Phillip J. | |
| 852 | |a INST |b CHIOS |e 19950804 |h 650.0285 GRE |p 005200003426 |q 005200003426 |t BK |y 12 | ||
| 909 | |a Χ |b 031125 | ||